| Поле | Название | Значение |
| |
Тип записи |
a |
| |
Библиографический уровень |
m |
| 001 |
Контрольный номер |
UONB/MAIN/8d90af4e9c304a0c8555e4835a4756d1 |
| 005 |
Дата корректировки |
20260407155345.0 |
| 100 |
Данные общей обработки |
__ |
| a |
Данные общей обработки |
20260407g1952 u u0rusy0189 ca |
| 101 |
Язык документа |
0_ |
| a |
Язык текста |
rus |
| 102 |
Страна публикации |
__ |
| a |
Страна публикации |
RU |
| 105 |
Кодированные данные (монография) |
__ |
| a |
Кодированные данные (монография) |
a z 001yy |
| 200 |
Заглавие и сведения об ответственности |
1_ |
| a |
Заглавие |
Материалы по истории сельского хозяйства и крестьянства СССР |
| f |
Первые сведения об ответственности |
Академия наук СССР, Институт истории |
| 203 |
Вид содержания и тип средства |
__ |
| a |
Вид содержания |
Текст |
| b |
Характеристика содержания |
визуальный |
| c |
Тип средства |
непосредственный |
| 210 |
Выходные данные |
1_ |
| a |
Место издания |
Москва |
| c |
Издательство |
Изд-во АН СССР |
| d |
Дата издания |
1952- |
| 215 |
Физическое описание |
__ |
| d |
Формат |
22 см |
| 300 |
Общие примечания |
__ |
| a |
Общие примечания |
Загл. сб. 1-2: Материалы по истории земледелия СССР |
| 300 |
Общие примечания |
__ |
| a |
Общие примечания |
На корешке загл.: Материалы по истории сельского хозяйства СССР |
| 516 |
Заглавие на корешке |
1_ |
| a |
Заглавие на корешке |
Материалы по истории сельского хозяйства СССР |
| 712 |
Наименование организации (Вторичная ответственность) |
02 |
| a |
Организация/ юрисдикция |
Институт истории |
| 4 |
Код отношения |
570 |
| 801 |
Источник записи |
_0 |
| a |
Страна |
RU |
| b |
Организация |
Ульяновская ОНБ |
| c |
Дата составления |
20260407 |
| g |
Правила каталогизации |
RCR |
| 801 |
Источник записи |
_1 |
| a |
Страна |
RU |
| b |
Организация |
Ульяновская ОНБ |
| c |
Дата составления |
20260407 |
| g |
Правила каталогизации |
RCR |
| 901 |
Тип документа |
__ |
| t |
Тип документа |
v |
| 909 |
Создатель записи |
__ |
| a |
Создатель записи |
Горбунова |
| b |
Дата создания записи |
20260407 |